Najbogatsze województwa w Polsce - Statystyki

Ogólne statystyki
  • Ten quiz został rozwiązany 458 razy
  • Średni wynik to 5 z 6
Statystyki odpowiedzi
PKB na osobę Województwo % Poprawnych
107 711 mazowieckie
99%
66 920 pomorskie
95%
71 595 śląskie
92%
74 224 wielkopolskie
88%
76 748 dolnośląskie
83%
66 393 łódzkie
74%
Nie znaleziono quizów pasujących do podanych kryteriów
Rozkład punktacji
Procent ludzi z każdym wynikiem
Percentyl według liczby udzielonych odpowiedzi
Twoja historia wyników
Nie rozwiązałeś tego quizu